Mañana no será lo que Dios quiera / (Record no. 126718)
[ view plain ]
| 000 -LEADER | |
|---|---|
| campo de control de longitud fija | 01622nam a22002417a 4500 |
| 003 - IDENTIFICADOR DE NÚMERO DE CONTROL | |
| campo de control | BJBSDDR |
| 005 - FECHA Y HORA DE LA ÚLTIMA TRANSACCIÓN | |
| campo de control | 20260330105847.0 |
| 007 - CAMPO FIJO DE DESCRIPCIÓN FÍSICA--INFORMACIÓN GENERAL | |
| campo de control de longitud fija | ta |
| 008 - DATOS DE LONGITUD FIJA--INFORMACIÓN GENERAL | |
| campo de control de longitud fija | 260330s2011 sp ||||| |||| 00| 0 spa d |
| 020 ## - NÚMERO INTERNACIONAL ESTÁNDAR DEL LIBRO | |
| Número Internacional Estándar del Libro | 9788466324977 |
| 020 ## - NÚMERO INTERNACIONAL ESTÁNDAR DEL LIBRO | |
| Número Internacional Estándar del Libro | 8466324976 |
| 040 ## - FUENTE DE CATALOGACIÓN | |
| Lengua de catalogación | spa |
| Centro/agencia transcriptor | BJBSDDR |
| 041 ## - CÓDIGO DE IDIOMA | |
| Código de lengua del texto/banda sonora o título independiente | spa |
| 050 ## - SIGNATURA TOPOGRÁFICA DE LA BIBLIOTECA DEL CONGRESO | |
| Número de ítem | G216 2011 |
| 100 1# - ENTRADA PRINCIPAL--NOMBRE DE PERSONA | |
| Nombre de persona | García Montero, Luis, |
| Fechas asociadas al nombre | 1958- |
| 9 (RLIN) | 26969 |
| 245 10 - MENCIÓN DEL TÍTULO | |
| Título | Mañana no será lo que Dios quiera / |
| Mención de responsabilidad, etc. | Luis García Montero |
| 250 ## - MENCION DE EDICION | |
| Mención de edición | 1a. edición |
| 260 ## - PUBLICACIÓN, DISTRIBUCIÓN, ETC. | |
| Lugar de publicación, distribución, etc. | Madrid : |
| Nombre del editor, distribuidor, etc. | Punto de Lectura, |
| Fecha de publicación, distribución, etc. | 2011 |
| 300 ## - DESCRIPCIÓN FÍSICA | |
| Extensión | 420 páginas : |
| Otras características físicas | ilustraciones ; |
| Dimensiones | 19 cm |
| 520 ## - RESUMEN, ETC. | |
| Sumario, etc. | El poeta Ángel González dejó una de las obras líricas más relevantes en lengua española, pero también fue testigo privilegiado de uno de los períodos más convulsos en la historia reciente de España: la Guerra Civil. Luis García Montero construye el retrato del poeta y recorre los primeros años de su vida para rescatar la mirada de un niño que tuvo que crecer sin la figura de su padre, pero con toda la fuerza de una familia y una geografía que se resistían con uñas y dientes a dejarse vencer.<br/><br/>Una novela que pretende ser el testimonio de una realidad, escrita con humor, admiración y ternura, con una prosa que funde el ensayo con la historia y la biografía con el lirismo. Mañana no será lo que Dios quiera es un homenaje a un territorio, a una familia, a los amigos y a los libros, que levantaron el espíritu del joven en ciernes que con el tiempo se transformaría en uno de los más grandes y premiados poetas de este país durante el siglo XX. |
| 942 ## - ELEMENTOS DE ENTRADA SECUNDARIOS (KOHA) | |
| Fuente del sistema de clasificación o colocación | Clasificación de Library of Congress |
| Suprimir en OPAC | No |
| Tipo de ítem Koha | Libro |
| 946 ## - PROCESAMIENTO DE INFORMACIÓN LOCAL (OCLC) | |
| Iniciales del agente catalogador | cmc |
| Estatus retirado | Estado de pérdida | Fuente del sistema de clasificación o colocación | Estado de daño | No para préstamo | Colección | Biblioteca de origen | Biblioteca actual | Ubicación en estantería | Fecha de adquisición | Signatura topográfica completa | Código de barras | Visto por última vez | Copia número | Tipo de ítem Koha |
|---|---|---|---|---|---|---|---|---|---|---|---|---|---|---|
| Clasificación de Library of Congress | Automatización y Procesos Técnicos | Biblioteca Juan Bosch | Biblioteca Juan Bosch | Automatización y Procesos Técnicos (1er. Piso) | 30/03/2026 | G216 2011 | 00000198899 | 30/03/2026 | 1 | Libro |
